Woman, culture and society
Na minha lista:
| Main Authors: | , |
|---|---|
| Formato: | Livro |
| Idioma: | inglês |
| Publicado em: |
Stanford
Stanford University
1974
|
| Colecção: | Anthropology. Women's studies
|
| Assuntos: | |
| Tags: |
Adicionar Tag
Sem tags, seja o primeiro a adicionar uma tag!
|
MARC
| LEADER | 00000nam a2200000 a 4500 | ||
|---|---|---|---|
| 001 | UCR8433 | ||
| 003 | CL-VaPUC | ||
| 008 | 980529e19740000US |||||||||||||||||eng|d | ||
| 082 | 0 | 4 | |a 305.4 |b ROS |2 21 |
| 100 | 0 | |a Rosaldo, Michelle Zimbalist |e author |9 410139 | |
| 700 | 0 | |a Lamphere, Louise |e author |9 410140 | |
| 245 | 1 | 0 | |a Woman, culture and society |
| 300 | |a 352 p | ||
| 942 | |c BK | ||
| 945 | |d 19980529 00:00:00 |a cmena | ||
| 260 | |a Stanford |b Stanford University |c 1974 | ||
| 650 | 0 | |a Mujeres |9 257649 | |
| 650 | 0 | |a Aspectos sociales |9 254894 | |
| 650 | 0 | |a Familias |9 255641 | |
| 650 | 0 | |a Derechos de la mujer |9 257074 | |
| 650 | 0 | |a Política |9 255312 | |
| 650 | 7 | |a PARTICIPACION POLITICA |2 CL-VaPUC |9 410141 | |
| 650 | 0 | |a Integración social |9 319662 | |
| 583 | |a last modification |c 19980529 00:00:00 |k Rodrigo Vera | ||
| 490 | 0 | |a Anthropology. Women's studies | |
| 999 | |c 269838 |d 269836 | ||
| 952 | |0 0 |1 0 |4 0 |6 305_400000000000000_ROS_1974 |7 0 |8 A |9 303873 |a BIBENE |b BIBENE |d 2019-11-20 |i 1406582 |o 305.4 ROS 1974 |p 1406582 |r 2025-01-15 |w 2019-11-20 |y BK |k ICO | ||